Thủy lực; T2

Spremljeno u:
Bibliografski detalji
Glavni autor: Vũ Văn Tảo
Format: Knjiga
Jezik:Undetermined
Izdano: Hà Nội ĐH và THCN 1987
Teme:
Oznake: Dodaj oznaku
Bez oznaka, Budi prvi tko označuje ovaj zapis!
Thư viện lưu trữ: Trung tâm Học liệu Trường Đại học Cần Thơ
LEADER 00559nam a2200205Ia 4500
001 CTU_14571
008 210402s9999 xx 000 0 und d
082 |a 627 
082 |b T108/T2/1987 
100 |a Vũ Văn Tảo 
245 0 |a Thủy lực; T2 
245 0 |c Vũ Văn Tảo 
260 |a Hà Nội 
260 |b ĐH và THCN 
260 |c 1987 
526 |a Báo cáo chuyên đề 
526 |b CN659 
650 |a hydraulics 
904 |i Nguyễn Quang Điền, 970106 
980 |a Trung tâm Học liệu Trường Đại học Cần Thơ